000 00706nam a2200217 a 4500
999 _c5051
_d5051
001 5051
003 BD-JhCC
005 20171207190910.0
008 171207b1969 bg |||| ||a| 00| 0 bg d
035 _a(BD-JhCC) 5051
040 _aBD-JhCC
_dBD-JhCC
041 _aBen
082 _a398.21
_bAUW 1969
100 _aআউয়াল, ডক্টর মোহাম্মদ আবদুল
245 _aউচিৎ শ্রবণ /
_cডক্টর মোহাম্মদ আবদুল আউয়াল,
260 _aঢাকা :
_bবাংলা একাডেমী ঢাকা
300 _a53 p . :
_c24 cm .
650 _aTalklore, Bengali
942 _2ddc
_cBK